Érase una vez Don Quijote
Kaydedildi:
| Yazar: | |
|---|---|
| Diğer Yazarlar: | , |
| Materyal Türü: | Kitap |
| Dil: | İngilizce |
| Baskı/Yayın Bilgisi: |
Madrid, España:
Vicens Vives,
2005
|
| Edisyon: | Primera edición |
| Seri Bilgileri: | Colección Piñata
|
| Konular: | |
| Etiketler: |
Etiketle
Etiket eklenmemiş, İlk siz ekleyin!
|
MARC
| LEADER | 00000nam a22000007a 4500 | ||
|---|---|---|---|
| 003 | CL-VaPUC | ||
| 005 | 20250114111603.0 | ||
| 008 | 220513b2008 ||||| |||| 00| 0 eng d | ||
| 999 | |c 435603 |d 435601 | ||
| 020 | |a 978-84-316-7849-4 | ||
| 040 | |c Pontificia Universidad Católica de Valparaíso | ||
| 082 | 7 | |a 863 CER 2008 |2 22 | |
| 100 | |a Cervantes y Saavedra, Miguel de |e autor |9 267947 | ||
| 245 | |a Érase una vez Don Quijote | ||
| 250 | |a Primera edición | ||
| 260 | |a Madrid, España: |b Vicens Vives, |c 2005 | ||
| 300 | |a 1023 páginas | ||
| 490 | |a Colección Piñata | ||
| 500 | |a c1. Donación Biblioteca Curauma. Recibido en GC 19/4/22 | ||
| 583 | |c 20220513 |k Catalogador Asistente | ||
| 650 | |a Novelas españolas |9 265052 | ||
| 650 | 0 | |a Novelas juveniles |9 545094 | |
| 700 | |a Sánchez Aguilar, Agustín |e adaptación |9 869122 | ||
| 700 | |a López Vigil, Nivio |e ilustraciones |9 869123 | ||
| 942 | |2 ddc |c BK | ||
| 952 | |0 0 |1 0 |2 ddc |4 0 |6 863_000000000000000_CER_2008 |7 0 |8 A |9 583056 |a BIBCUR |b BIBCUR |c GEN |d 2022-05-13 |e Donación |i 5651208 |l 1 |o 863 CER 2008 |p 5651208 |r 2025-04-22 |s 2024-10-02 |t 1 |w 2022-05-13 |y BK |k CAC | ||